<?xml version="1.0" encoding="UTF-8"?>
<record
    xmlns:xsi="http://www.w3.org/2001/XMLSchema-instance"
    xsi:schemaLocation="http://www.loc.gov/MARC21/slim http://www.loc.gov/standards/marcxml/schema/MARC21slim.xsd"
    xmlns="http://www.loc.gov/MARC21/slim">

  <leader>02832nam a22003017a 4500</leader>
  <controlfield tag="003">OSt</controlfield>
  <controlfield tag="005">20251027084735.0</controlfield>
  <controlfield tag="007">cr ||||||a|c|a</controlfield>
  <controlfield tag="008">221116s2021    mx a|||fom||| 001 0 spa d</controlfield>
  <datafield tag="040" ind1=" " ind2=" ">
    <subfield code="e">rda</subfield>
  </datafield>
  <datafield tag="100" ind1=" " ind2=" ">
    <subfield code="9">185650</subfield>
    <subfield code="a">V&#xE1;rgas Esp&#xED;ndola, Zadya Franscellia de San Jos&#xE9;</subfield>
  </datafield>
  <datafield tag="245" ind1="1" ind2=" ">
    <subfield code="a">Capacidades municipales y pobreza rural /</subfield>
    <subfield code="c">por Zadya Franscellia de San Jos&#xE9; V&#xE1;rgas Esp&#xED;ndola, director de tesis Manrrubio Mu&#xF1;oz Rodr&#xED;guez.</subfield>
  </datafield>
  <datafield tag="264" ind1=" " ind2=" ">
    <subfield code="a">Chapingo, M&#xE9;xico :</subfield>
    <subfield code="b">El autor,</subfield>
    <subfield code="c">2021.</subfield>
  </datafield>
  <datafield tag="300" ind1=" " ind2=" ">
    <subfield code="a">1 recurso en l&#xED;nea (198  p&#xE1;ginas).</subfield>
  </datafield>
  <datafield tag="336" ind1=" " ind2=" ">
    <subfield code="2">rdacontent</subfield>
    <subfield code="a">texto</subfield>
    <subfield code="b">txt</subfield>
  </datafield>
  <datafield tag="337" ind1=" " ind2=" ">
    <subfield code="2">rdamedia</subfield>
    <subfield code="a">computadora</subfield>
    <subfield code="b">c</subfield>
  </datafield>
  <datafield tag="338" ind1=" " ind2=" ">
    <subfield code="2">rdacarrier</subfield>
    <subfield code="a">recurso en l&#xED;nea</subfield>
    <subfield code="b">cr</subfield>
  </datafield>
  <datafield tag="502" ind1=" " ind2=" ">
    <subfield code="b">DCPEA</subfield>
    <subfield code="c">CIESTAAM</subfield>
    <subfield code="d">2021.</subfield>
    <subfield code="g">DOC</subfield>
  </datafield>
  <datafield tag="504" ind1=" " ind2=" ">
    <subfield code="a">Incluye referencias bibliogr&#xE1;ficas: p&#xE1;ginas 9-10,62-73,93-95,130-136,158-161,173-174.</subfield>
  </datafield>
  <datafield tag="520" ind1=" " ind2=" ">
    <subfield code="a">El inter&#xE9;s de esta investigaci&#xF3;n se centra en identificar los elementos del contexto territorial municipal que contribuyen a la presencia de la pobreza rural. Se utiliz&#xF3; un enfoque ecol&#xF3;gico que reconoce la importancia del contexto y su complejidad en el desarrollo de las personas. Se dise&#xF1;&#xF3; un proceso de tres fases. Primera, se propuso una clasificaci&#xF3;n de los municipios utilizando como criterio el grado de accesibilidad a carretera pavimentada, concluyendo que una mejor accesibilidad se relaciona con menores condiciones de pobreza rural y urbana. Segunda, se defini&#xF3; un modelo factorial general para explicar las relaciones causales entre las carencias en necesidades b&#xE1;sicas, el deterioro del bienestar econ&#xF3;mico y las capacidades institucionales municipales. En este &#xFA;ltimo factor, se tomaron en cuenta indicadores que expresan las capacidades para presupuestar, gestionar e implementar, as&#xED; como para reglamentar y rendir cuentas, entre otros. El modelo revel&#xF3; que estas capacidades impactan directa y positivamente en el bienestar econ&#xF3;mico, lo que a su vez se refleja en una mejora de las necesidades b&#xE1;sicas de la poblaci&#xF3;n. Tercera, se realiz&#xF3; un an&#xE1;lisis multigrupo utilizando la clasificaci&#xF3;n municipal propuesta, concluyendo que la debilidad de las capacidades municipales en los municipios rurales explica la mayor incidencia de la pobreza. Esta investigaci&#xF3;n destaca la necesidad de dise&#xF1;ar pol&#xED;ticas p&#xFA;blicas tendientes a fortalecer las capacidades locales como condici&#xF3;n b&#xE1;sica para impulsar el desarrollo.</subfield>
  </datafield>
  <datafield tag="650" ind1=" " ind2="7">
    <subfield code="9">31995</subfield>
    <subfield code="a">Desarrollo de la comunidad rural</subfield>
  </datafield>
  <datafield tag="650" ind1=" " ind2="4">
    <subfield code="9">89454</subfield>
    <subfield code="a">Poblaci&#xF3;n rural</subfield>
    <subfield code="x">Pobreza</subfield>
  </datafield>
  <datafield tag="650" ind1=" " ind2="7">
    <subfield code="9">40948</subfield>
    <subfield code="a">Finanzas municipales</subfield>
  </datafield>
  <datafield tag="650" ind1=" " ind2="7">
    <subfield code="9">12635</subfield>
    <subfield code="a">Bienestar social</subfield>
  </datafield>
  <datafield tag="700" ind1="1" ind2=" ">
    <subfield code="a">Mu&#xF1;oz Rodr&#xED;guez, Manrrubio</subfield>
    <subfield code="e">Director de Tesis.</subfield>
    <subfield code="9">79670</subfield>
  </datafield>
  <datafield tag="856" ind1=" " ind2=" ">
    <subfield code="u">http://10.13.5.2/tesis/td/2021_CI_Vargas_Espindola_ZadyaFranscelliadeSanJose.pdf</subfield>
    <subfield code="z">DESCARGAR PDF</subfield>
  </datafield>
  <datafield tag="942" ind1=" " ind2=" ">
    <subfield code="2">Clasificaci&#xF3;n Universidad Aut&#xF3;noma Chapingo</subfield>
    <subfield code="c">TD</subfield>
  </datafield>
  <datafield tag="999" ind1=" " ind2=" ">
    <subfield code="c">217803</subfield>
    <subfield code="d">217803</subfield>
  </datafield>
  <datafield tag="952" ind1=" " ind2=" ">
    <subfield code="0">0</subfield>
    <subfield code="1">0</subfield>
    <subfield code="2">ddc</subfield>
    <subfield code="4">0</subfield>
    <subfield code="7">0</subfield>
    <subfield code="8">TesdigD</subfield>
    <subfield code="a">BD</subfield>
    <subfield code="b">BD</subfield>
    <subfield code="d">2023-01-26</subfield>
    <subfield code="l">0</subfield>
    <subfield code="o">Tesis digital</subfield>
    <subfield code="r">2023-01-26 00:00:00</subfield>
    <subfield code="w">2023-01-26</subfield>
    <subfield code="y">TD</subfield>
  </datafield>
</record>
